Transfers and Pareto optimality (Registro nro. 25638)

Detalles MARC
000 -LEADER
fixed length control field 00358 a2200121 4500
001 - CONTROL NUMBER
control field ART_11557
005 - DATE AND TIME OF LATEST TRANSACTION
control field 20260410161858.0
008 - FIXED-LENGTH DATA ELEMENTS--GENERAL INFORMATION
fixed length control field 260409a
100 1# - MAIN ENTRY--PERSONAL NAME
Personal name Daly, George
245 10 - TITLE STATEMENT
Title Transfers and Pareto optimality
700 1# - ADDED ENTRY--PERSONAL NAME
Personal name Giertz, J. Fred
773 0# - HOST ITEM ENTRY
Title Journal of public economics
Related parts - Vol. 5, Nº 1/2 (ene./feb. 1976)
Record control number REV11485

No hay ítems disponibles.